| 000 | 00299nam a2200121 i 4500 | ||
|---|---|---|---|
| 001 | bg | ||
| 245 | 0 |
_aMiędzynarodowe Sympozjum Naukowe Budownictawa Rolniczego : _bprace. |
|
| 260 |
_aRzeszów, _c1973. |
||
| 040 | _cBPK | ||
| 041 | _apol | ||
| 942 | _cKS | ||
| 008 | s pl f |000 0 pol | ||
| 999 |
_c16373 _d16373 |
||
| 856 |
_uhttp://koha.tu.koszalin.pl/cgi-bin/koha/opac-detail.pl?biblionumber=16373 _yKatalog online BPK |
||